000 01008 a2200349 4500
999 _c160454
_d2748
001 160454
003 TR-AnTOB
005 20200530173237.0
008 120725s2005 tu 000 0
035 _a160454
040 _aTR-AnTOB
_cTR-AnTOB
041 _atur
050 1 4 _aHG4028.F3
_bA84 2005
090 _aHG4028.F3 A84 2005
100 1 _aAteş, Özgür
_967077
245 0 _aAile şirketleri :
_bdeğişim ve süreklilik /
_cÖzgür Ateş.
264 1 _aAnkara:
_bAnkara Sanayi Odası,
_c2005.
300 _a232p. :
_btabl. ;
_c21 cm.
336 _2rdacontent
_atext
_btxt
337 _2rdamedia
_aunmediated
_bn
338 _2rdacarrier
_avolume
_bnc
490 0 _aAnkara Sanayi Odası Yayını ;
_v56
504 _aincludes bibliorafical references.
650 _aFamily corporations
_zTurkey
_931940
650 7 _aAile şirketleri
_2etuturkob
_96748
710 2 _aAnkara Sanayi Odası
_9118769
902 _aT001178
903 _aTOBB Özel Koleksiyonu
942 _cBK
_2lcc
945 _aMC